000 00454nam a2200181Ia 4500
003 OSt
005 20230522142107.0
008 210423s2000 xx 000 0 und d
040 _cAL
041 _aeng
082 _a921
_223
_bCOPG
100 _aCOPLEY (Antony).
_9110234
245 _aGandhi against the tide.
260 _aNew Delhi
_bOxford University Press
_c2000
365 _b125
_cINR
906 _aagainst ; Gandhi ; tide.
942 _2ddc
_cBK
999 _c172638
_d172638